000 00590nam a2200241Ia 4500
008 210210b2010 xxu||||| |||| 00| 0 eng d
020 _a9788180696794
041 _aeng
082 _a361.614 SELH
100 _aSELVAN (A)
245 _aHuman rights education: modern approaches and strategies
260 _aNew Delhi
_bConcept Publishing Company.
_c2010
300 _a280
650 _astrategies
650 _arights
650 _amodern
650 _aHuman
650 _aeducation:
650 _aapproaches
650 _aand
690 _aHuman Rights
906 _a066540
999 _c147947
_d147947